Dependence and Information Flow among U.S Technology Industries
Technologický sektor slúži ako základný pilier pre všetky priemyselné odvetvia v ekonomike a zohráva ústrednú úlohu pri riadení celosvetového hospodárskeho rastu. Zvlášť sa odlišuje v USA, kde predstavuje približne jednu tretinu globálneho technologického trhu. Technologický sektor však nie je homog...
Guardado en:
| Autor principal: | |
|---|---|
| Otros Autores: | |
| Formato: | Capítulo de libro |
| Lenguaje: | inglés |
| Materias: | |
| Etiquetas: |
Sin Etiquetas, Sea el primero en etiquetar este registro!
|
MARC
| LEADER | 00000naa$a2200000$$$4500 | ||
|---|---|---|---|
| 001 | 0305974 | ||
| 005 | 20260109144820.2 | ||
| 041 | 0 | |a eng | |
| 044 | |a GB | ||
| 245 | 1 | 0 | |a Dependence and Information Flow among U.S Technology Industries |c Barbara Čeryová, Peter Árendáš |
| 520 | |a Technologický sektor slúži ako základný pilier pre všetky priemyselné odvetvia v ekonomike a zohráva ústrednú úlohu pri riadení celosvetového hospodárskeho rastu. Zvlášť sa odlišuje v USA, kde predstavuje približne jednu tretinu globálneho technologického trhu. Technologický sektor však nie je homogénnou skupinou podobne zameraných firiem, jeho odvetvia sa výrazne líšia svojimi charakteristikami. Tento článok analyzuje vzťahy medzi technologickými odvetviami v USA definovaných Globálnym štandardom klasifikácie priemyslu pomocou kopúl Vine a prenosovej entropie. | ||
| 610 | 2 | 0 | |a technológia |
| 610 | 2 | 0 | |a priemysel |
| 610 | 2 | 0 | |a ekonomika |
| 610 | 2 | 0 | |a USA |
| 610 | 2 | 0 | |a technológie informačné |
| 100 | 1 | |a Čeryová, Barbara, 1997- | |
| 700 | 1 | |a Árendáš, Peter, 1986- | |